000 00420nam a2200145 a 4500
001 22083
005 20180713215931.0
008 140415s1967 000 0 spa d
041 _aspa
082 _a338.97248
_bPUE
245 0 0 _aPUEBLA, GARANTIA DE DESARROLLO ECONOMICO
260 _a[s.l.] :
_bCOMISION DE PROMOCION INDUSTRIAL,
_c1967
490 _aCOL.PUEBLA
650 1 4 _aPOLITICA ECONOMICA
_xPUEBLA
999 _c22083
_d22083